000
00314nam a22001457a 4500
003
SGT
020
_a
0706906608
082
_a
320
_b
I78J
100
_a
JAGMOHAN
245
_a
ISLAND OF TRUTH
260
_b
VIKAS PUBLISHING HOUSE PVT. LTD.
_c
1978
300
_a
208
650
_a
POLITICAL SCIENCE
942
_2
ddc
_c
BK
999
_c
28633
_d
28633